000 00465nam a2200157Ia 4500
008 220216s9999 xx 000 0 und d
100 _aLiyanage A De S
245 0 _aOccurrence of a virulent strain of microcyclus ulei on Hevea rubber in Thailand
260 _bJournal of the Rubber Research Institute of Sri Lanka
_c1981
300 _a73-78
650 _aHevea rubber
650 _aMicrocyclus ulei
650 _aThailand
700 _aChee K H
942 _cJS
999 _c64295
_d64295